| 000 | 00802nam a2200265Ia 4500 | ||
|---|---|---|---|
| 003 | OSt | ||
| 005 | 20220918221138.0 | ||
| 006 | a|||||r|||| 00| 0 | ||
| 007 | ta | ||
| 008 | 220917b |||||||| |||| 00| 0 eng d | ||
| 024 | _a148,440 | ||
| 037 | _cTextual | ||
| 040 |
_aARTS _cARTS _beng |
||
| 041 |
_2eng _aeng |
||
| 082 | _aS87:852, N3 (SD) | ||
| 100 |
_aPonterotto Joseph G _9139258 |
||
| 245 | 0 |
_aPreventing prejudice _b a guide for counselors and educatiors |
|
| 260 |
_aNew Bury _bPark Sage Pub _c1993 |
||
| 300 |
_axvi,184p. _ccm. |
||
| 490 | _aMulticultural aspects of counseling series; 2 | ||
| 650 | _aPSYCHOLOGY | ||
| 700 |
_a Pedersen Paul B _9139259 |
||
| 942 |
_hS87:852, N3 (SD) _cTEXL _2CC |
||
| 999 |
_c271117 _d271117 |
||